000
00249nam a22001097a 4500
008
170124b xxu||||| |||| 00| 0 eng d
020
_a
9781416056720
041
_a
eng
080
_2
6TH
_a
618.2
245
_a
NURSING TODAY
_c
ZERWEKH, J
942
_2
udc
_c
BK
999
_c
3552
_d
3552